|
|
|
|
| LEADER |
00000nam0a2200000 4500 |
| 001 |
353655 |
| 005 |
20231102010620.0 |
| 035 |
|
|
|a (RuTPU)RU\TPU\retro\10912
|
| 090 |
|
|
|a 353655
|
| 100 |
|
|
|a 20200526d1972 km y0rusy50 ca
|
| 101 |
0 |
|
|a rus
|
| 102 |
|
|
|a RU
|
| 105 |
|
|
|a a z 001zy
|
| 200 |
1 |
|
|a Пьезоэлектрический метод разведки
|e методические рекомендации
|f Всесоюзный научно-исследовательский институт методики и техники разведки
|
| 210 |
|
|
|a Ленинград
|c ОНТИ ВИТР
|d 1972
|
| 215 |
|
|
|a 98 с.
|c ил.
|
| 320 |
|
|
|a Библиогр.: с. 95-97
|
| 606 |
1 |
|
|a Пьезоэлектрическая разведка
|2 stltpush
|3 (RuTPU)RU\TPU\subj\53294
|9 71610
|
| 610 |
1 |
|
|a физико-геологические основы
|
| 610 |
1 |
|
|a горные породы
|
| 610 |
1 |
|
|a пьезоэлектрический эффект
|
| 610 |
1 |
|
|a моделирование
|
| 610 |
1 |
|
|a аппаратура
|
| 610 |
1 |
|
|a полевые работы
|
| 610 |
1 |
|
|a полевые материалы
|
| 610 |
1 |
|
|a интерпретация
|
| 610 |
1 |
|
|a пьезоэлектрический метод
|
| 610 |
1 |
|
|a опыт применения
|
| 610 |
1 |
|
|a методические рекомендации
|
| 675 |
|
|
|a 550.833
|v 4
|
| 712 |
0 |
2 |
|a Всесоюзный научно-исследовательский институт методики и техники разведки
|2 stltpush
|3 (RuTPU)RU\TPU\col\6027
|9 24205
|
| 801 |
|
1 |
|a RU
|b 63413507
|c 20200526
|
| 801 |
|
2 |
|a RU
|b 63413507
|c 20201001
|g RCR
|
| 942 |
|
|
|c BK
|